000 00537nam a2200181Ia 4500
999 _c10124
_d10124
003 OSt
005 20191228103811.0
008 190216s9999||||xx |||||||||||||| ||und||
020 _a8125900187
040 _coclc
082 _a338.10954
_bAGR/A
100 _aAgrawal, A N
_9515
245 0 _aAgricultural Problems Of India /
_c A N Agrawal ; Kundan Lal
260 _bVikas Publishing House,
_aNew Delhi:
_c1996.
300 _a335p
650 _aEconomics
942 _cBK
_2ddc
_h338.10954
_iAGR/A
_k338.10954
_mAGR/A